|
|
|
|
| LEADER |
02481nam a2200553 i 4500 |
| 001 |
nkc20172887282 |
| 003 |
CZ PrNK |
| 005 |
20170918094826.0 |
| 007 |
ta |
| 008 |
170323s2017 xr ach e 000 0 cze |
| 015 |
|
|
|a cnb002887282
|
| 020 |
|
|
|a 978-80-7401-138-2
|q (brožováno) :
|c neprodejné
|
| 035 |
|
|
|a (OCoLC)1003285302
|
| 040 |
|
|
|a OLA001
|b cze
|e rda
|
| 043 |
|
|
|a e-xr---
|
| 045 |
|
|
|a x6y1
|
| 072 |
|
7 |
|a 63
|x Zemědělství a příbuzné oblasti vědy a techniky
|2 Konspekt
|9 24
|
| 080 |
|
|
|a 001.32
|2 MRF
|
| 080 |
|
|
|a 631:001.891
|2 MRF
|
| 080 |
|
|
|a 632
|2 MRF
|
| 080 |
|
|
|a (437.3)
|2 MRF
|
| 080 |
|
|
|a (036)
|2 MRF
|
| 100 |
1 |
|
|a Horký, Jaroslav
|7 xx0128571
|4 aut
|
| 245 |
1 |
0 |
|a Historie rostlinolékařské diagnostiky :
|b odborné činnosti Ústředního kontrolního a zkušebního ústavu zemědělského /
|c Jaroslav Horký, Dan Spáčil
|
| 250 |
|
|
|a 1. vydání
|
| 264 |
|
1 |
|a Olomouc :
|b Ústřední kontrolní a zkušební ústav zemědělský,
|c 2017
|
| 300 |
|
|
|a 54 stran :
|b barevné ilustrace, portréty, faksimile ;
|c 25 cm
|
| 336 |
|
|
|a text
|b txt
|2 rdacontent
|
| 337 |
|
|
|a bez média
|b n
|2 rdamedia
|
| 338 |
|
|
|a svazek
|b nc
|2 rdacarrier
|
| 500 |
|
|
|a 1000 výtisků
|
| 550 |
|
|
|a Vydavatel: Ústřední kontrolní a zkušební ústav zemědělský, Odbor diagnostiky
|
| 610 |
2 |
7 |
|a Ústřední kontrolní a zkušební ústav zemědělský.
|b Odbor diagnostiky
|7 ko2017961401
|2 czenas
|
| 648 |
|
7 |
|a 20.-21. století
|7 ch462155
|2 czenas
|
| 650 |
0 |
7 |
|a výzkumné ústavy
|7 ph127482
|z Česko
|y 20.-21. století
|2 czenas
|
| 650 |
0 |
7 |
|a zemědělský výzkum
|7 ph127630
|z Česko
|y 20.-21. století
|2 czenas
|
| 650 |
0 |
7 |
|a fytopatologie
|7 ph114599
|z Česko
|y 20.-21. století
|2 czenas
|
| 650 |
0 |
9 |
|a research institutes
|z Czechia
|y 20th-21st centuries
|2 eczenas
|
| 650 |
0 |
9 |
|a agricultural research
|z Czechia
|y 20th-21st centuries
|2 eczenas
|
| 650 |
0 |
9 |
|a phytopathology
|z Czechia
|y 20th-21st centuries
|2 eczenas
|
| 655 |
|
7 |
|a informační publikace
|7 fd132454
|2 czenas
|
| 655 |
|
9 |
|a information publications
|2 eczenas
|
| 700 |
1 |
|
|a Spáčil, Dan,
|d 1958-
|7 ola2017960142
|4 aut
|
| 710 |
2 |
|
|a Ústřední kontrolní a zkušební ústav zemědělský.
|b Odbor diagnostiky
|7 ko2017961401
|4 isb
|
| 910 |
2 |
|
|a BOA001
|b 2-1394.446
|
| 990 |
|
|
|a BK
|
| 995 |
|
|
|a 01
|
| 996 |
6 |
|
|b 2610718675
|c 2-1394.446
|l MZK
|r Sklad / do 1 hodiny
|n 0
|p p.v.
|w 001630725
|u 000010
|a 1
|e BOA001
|j MZK50
|s P
|
| 996 |
7 |
|
|b 2610718676
|c 2-1394.446
|l MZK
|r Sklad / do 1 hodiny
|n 1
|p p.v.
|w 001630725
|u 000020
|a 1
|e BOA001
|j MZK50
|s A
|